Vivent les differences: An intermediate reader for communication (Record no. 28164)

MARC details
000 -LEADER
fixed length control field 00313nam a2200109Ia 4500
082 ## - DEWEY DECIMAL CLASSIFICATION NUMBER
Classification number 804
Item number JAR
100 ## - MAIN ENTRY--AUTHOR NAME
Personal name Jarvis, Wilbert A
245 #0 - TITLE STATEMENT
Title Vivent les differences: An intermediate reader for communication
260 ## - PUBLICATION, DISTRIBUTION, ETC. (IMPRINT)
Place of publication New York
Name of publisher Holt Rinehart
Year of publication 1977
942 ## - ADDED ENTRY ELEMENTS (KOHA)
Koha item type Books
Holdings
Withdrawn status Lost status Damaged status Not for loan Home library Current library Date acquired Cost, normal purchase price Full call number Accession Number Koha item type
        RRII Library RRII Library 16/12/2021 7.95 804 JAR 08772 Books